000 00580nam a2200181 i 4500
001 132422
003 ES-MaACL
005 20230906194156.0
007 t|
008 070214m19311932sp |||| | spa d
100 1 _aRollin, Henri.
_999190
245 1 3 _aLa Revolución rusa /
_cHenri Rollin ; traducción de Jorge Rubio.
260 _aMadrid :
_bEditorial España,
_c1931-1932.
300 _a2 v. ;
_c20 cm.
505 8 _aContiene: I. Su génesis histórica - II. Del marxismo al nacionalismo
651 4 _aURSS-
_xHistoria-
_y1917-1936.
_99470
852 _aES-MaACL
_jA-1218-19
999 _c132422
_d132422